书目信息 |
| 题名: |
真理的意义
|
|
| 作者: | 詹姆斯 著 | |
| 分册: | ||
| 出版信息: | 北京 中国传媒大学出版社 2016 |
|
| 页数: | 203页 | |
| 开本: | 21cm | |
| 丛书名: | 新闻学与传播学经典丛书 | |
| 单 册: | ||
| 中图分类: | B023.3 | |
| 科图分类: | ||
| 主题词: | 真理--研究--英文 | |
| 电子资源: | ||
| ISBN: | 978-7-5657-1825-0 | |
| 000 | 01083oam2 2200289 450 | |
| 001 | 412 | |
| 005 | 20180520213202.97 | |
| 010 | @a978-7-5657-1825-0@dCNY39.00 | |
| 100 | @a20170427e2016 em y0chiy50 ea | |
| 101 | 0 | @aeng@echi@gchi |
| 102 | @aCN@b110000 | |
| 105 | @ay z 001yy | |
| 200 | 1 | @a真理的意义@9zhen li de yi yi@e《实用主义》续篇@dThe meaning of truth@ea sequel to ‘Pragmatism’@f(美)威廉·詹姆斯(William James)著@zeng |
| 205 | @a[影印本] | |
| 210 | @a北京@c中国传媒大学出版社@d2016 | |
| 215 | @a203页@d21cm | |
| 225 | 1 | @a新闻学与传播学经典丛书@i英文原版系列 |
| 330 | @a本书内容包括:认知的功能、印度老虎、人文主义与真理、认识者与被认识者的关系、人文主义的本质、再论真理等。 | |
| 461 | 0 | @12001 @a新闻学与传播学经典丛书 |
| 462 | 0 | @12001 @a英文原版系列 |
| 500 | 10 | @a真理的意义@9zhen li de yi yi |
| 510 | 1 | @aMeaning of truth@ea sequel to ‘Pragmatism’@zeng |
| 606 | 0 | @a真理@x研究@j英文 |
| 690 | @aB023.3@v5 | |
| 701 | 0 | @c(美)@a詹姆斯@9zhan mu si@c(James, William@f1842-1910)@4著 |
| 801 | 0 | @aCN@b91MARC@c20170427 |
| 905 | @aMuseLib@dB023.3@e125 | |
| 真理的意义:《实用主义》续篇=The meaning of truth:a sequel to ‘Pragmatism’/(美)威廉·詹姆斯(William James)著.-[影印本].-北京:中国传媒大学出版社,2016 |
| 203页;21cm.-(新闻学与传播学经典丛书.英文原版系列) |
| ISBN 978-7-5657-1825-0:CNY39.00 |
| 本书内容包括:认知的功能、印度老虎、人文主义与真理、认识者与被认识者的关系、人文主义的本质、再论真理等。 |
| ● |
| 相关链接 |
|
|
|
|
正题名:真理的意义
索取号:B023.3/125
 
预约/预借
| 序号 | 登录号 | 条形码 | 馆藏地/架位号 | 状态 | 备注 |
| 1 | 1102410 | 211024103 | 第一样本阅览室/ [索取号:B023.3/125] | 在馆 | |
| 2 | 1102411 | 211024112 | 教育系资料室/ [索取号:B023.3/125] | 在馆 | |
| 3 | 1102412 | 211024121 | 教育系资料室/ [索取号:B023.3/125] | 在馆 | |
| 4 | 1102413 | 211024130 | 教育系资料室/ [索取号:B023.3/125] | 在馆 | |
| 5 | 1102414 | 211024149 | 第一借阅区/ [索取号:B023.3/125] | 在馆 | |
| 6 | 1102415 | 211024158 | 第一借阅区/ [索取号:B023.3/125] | 在馆 |